Devinez la Capitale Mystère #63 - Statistiques

Statistiques générales
  • Ce quiz a été pris 155 fois
  • Le résultat moyen est 32 sur 36
Statistiques - réponses
Type de Réponse Réponse % Correct
Lettre Trouvée A
100%
Lettre Trouvée E
100%
Lettre Bien Placée A
99%
Lettre Bien Placée A
99%
Lettre Trouvée L
99%
Lettre de l'Alphabet N
99%
Lettre de l'Alphabet I
97%
Lettre Bien Placée L
97%
Lettre de l'Alphabet O
96%
Lettre de l'Alphabet P
96%
Lettre de l'Alphabet R
96%
Lettre de l'Alphabet S
96%
Lettre de l'Alphabet C
95%
Lettre de l'Alphabet H
95%
Lettre de l'Alphabet U
94%
Lettre de l'Alphabet D
93%
Lettre de l'Alphabet M
93%
Lettre Trouvée V
93%
Lettre Trouvée T
92%
Lettre de l'Alphabet B
91%
Lettre de l'Alphabet G
90%
Lettre de l'Alphabet K
88%
Lettre de l'Alphabet W
87%
Lettre Bien Placée T
85%
Lettre Bien Placée E
84%
Lettre de l'Alphabet Z
83%
Lettre de l'Alphabet X
82%
Lettre de l'Alphabet J
81%
Lettre de l'Alphabet Y
79%
Lettre de l'Alphabet F
78%
Lettre de l'Alphabet Q
75%
Lettre Bien Placée T
75%
Lettre Bien Placée L
74%
Lettre Bien Placée E
73%
Capitale Mystère La Valette
72%
Lettre Bien Placée V
72%
Aucun quiz correspondant
Distribution des résultats
% des personnes avec chaque résultat
Percentile par nombre de réponses
Votre historique - résultats
Vous n’avez pas pris ce quiz